[Event "World Rapid Team 2023"]
[Site "Dusseldorf GER"]
[Date "2023.08.26"]
[Round "1.12"]
[Board "6"]
[White "Mirzaiee Rad, Javad"]
[Black "Dinesh, Rajan M"]
[Result "1-0"]
[WhiteElo "1721"]
[BlackElo "1904"]
[WhiteTeam "PhileKhoob Chess Club"]
[BlackTeam "Six-pack"]
[WhiteFideId "42543819"]
[BlackFideId "35060600"]
[EventDate "2023.08.26"]

1. e4 c5 2. Nf3 e6 3. d4 cxd4 4. Nxd4 Nf6 5. Nc3 Nc6 6. Be2 Bb4 7. Bg5 Bxc3+ 8.
bxc3 Qa5 9. Bd2 Nxe4 10. Nxc6 bxc6 11. Bd3 Nxd2 12. Qxd2 Qe5+ 13. Kd1 Rb8 14. f4
Qh5+ 15. Qe2 Qc5 16. Kd2 O-O 17. Rhf1 d6 18. Rf3 Re8 19. Rh3 g6 20. f5 Bd7 21.
fxg6 fxg6 22. Qg4 Qf2+ 23. Be2 Re7 24. Rf1 Qc5 25. Qh4 Rbe8 26. Bd3 Qe5 27. Rf6
Rg7 28. Bxg6 Ree7 29. Bxh7+ Rxh7 30. Rg6+ Kf8 31. Rf3+ Ref7 32. Qxh7 Qd5+ 33.
Kc1 Be8 34. Rg8+ Ke7 35. Rxe8+ Kxe8 36. Qxf7+ Kd8 37. Qf6+ Kc7 38. Qd4 Qg5+ 39.
Kb2 Qb5+ 40. Qb4 Qh5 41. g4 Qg6 42. h4 c5 43. Qa5+ Kc6 44. Qa6+ Kc7 45. Qxa7+
Kc6 46. Qa4+ Kd5 47. Qa8+ Ke5 48. Re3+ Kf6 49. g5+ Kg7 50. Qe4 Qe8 51. Qxe6 Qb5+
52. Qb3 Qd7 53. h5 d5 54. Qb6 d4 55. Qf6+ Kg8 56. Qe6+ 1-0

[Event "World Rapid Team 2023"]
[Site "Dusseldorf GER"]
[Date "2023.08.26"]
[Round "1.13"]
[Board "1"]
[White "Namale, Ben Nguku"]
[Black "Orlov, Andrey"]
[Result "0-1"]
[WhiteTitle "CM"]
[BlackTitle "GM"]
[WhiteElo "1967"]
[BlackElo "2503"]
[WhiteTeam "Kenya Commercial Bank Chess Club"]
[BlackTeam "Duesseldorfer Schachklub 1914/25 e.V."]
[WhiteFideId "10800263"]
[BlackFideId "4125282"]
[EventDate "2023.08.26"]

1. d4 d6 2. e4 Nf6 3. Nc3 e5 4. Nf3 Nbd7 5. h3 Be7 6. Be2 O-O 7. Be3 a6 8. Qd2
b5 9. a3 Bb7 10. d5 c6 11. dxc6 Bxc6 12. Bd3 Qc7 13. O-O Nc5 14. Bxc5 dxc5 15.
Qg5 c4 16. Be2 Nxe4 17. Qxe5 Bd6 18. Nd5 Bxe5 19. Nc3 Bd6 0-1

[Event "World Rapid Team 2023"]
[Site "Dusseldorf GER"]
[Date "2023.08.26"]
[Round "1.13"]
[Board "2"]
[White "Berelowitsch, Alexander"]
[Black "Magana, Ben"]
[Result "1-0"]
[WhiteTitle "GM"]
[BlackTitle "CM"]
[WhiteElo "2492"]
[BlackElo "2020"]
[WhiteTeam "Duesseldorfer Schachklub 1914/25 e.V."]
[BlackTeam "Kenya Commercial Bank Chess Club"]
[WhiteFideId "14101440"]
[BlackFideId "10800166"]
[EventDate "2023.08.26"]

1. e4 e5 2. Nf3 Nc6 3. Bb5 a6 4. Ba4 Nf6 5. O-O Be7 6. Re1 b5 7. Bb3 O-O 8. d4
d6 9. c3 Bg4 10. Be3 Na5 11. Bc2 Nc4 12. Bc1 c5 13. b3 Na5 14. d5 c4 15. b4 Nb7
16. a4 Bd7 17. h3 a5 18. axb5 Bxb5 19. Be3 axb4 20. Rxa8 Qxa8 21. cxb4 Rc8 22.
Nc3 Be8 23. Qa1 Bd8 24. Qb2 Qb8 25. Qa3 Nd7 26. Ba4 Qc7 27. Nb5 Qb8 28. Na7 Bb6
29. Nxc8 Bxe3 30. Ne7+ Kf8 31. Nc6 1-0

[Event "World Rapid Team 2023"]
[Site "Dusseldorf GER"]
[Date "2023.08.26"]
[Round "1.13"]
[Board "3"]
[White "Methu, Joseph Muragu"]
[Black "Levin, Felix"]
[Result "0-1"]
[BlackTitle "GM"]
[WhiteElo "1989"]
[BlackElo "2459"]
[WhiteTeam "Kenya Commercial Bank Chess Club"]
[BlackTeam "Duesseldorfer Schachklub 1914/25 e.V."]
[WhiteFideId "10804714"]
[BlackFideId "4650905"]
[EventDate "2023.08.26"]

1. d4 d5 2. c4 dxc4 3. e4 Nc6 4. d5 Ne5 5. Bxc4 Nxc4 6. Qa4+ c6 7. Qxc4 cxd5 8.
exd5 Nf6 9. Nc3 a6 10. Nf3 b5 11. Qd4 Bb7 12. O-O g6 13. Re1 Bg7 14. Bh6 O-O 15.
Bxg7 Kxg7 16. Rad1 Rc8 17. a3 Qd6 18. Ne5 Rfd8 19. Ng4 Rc4 20. Qa7 Nxg4 21. g3
Rd7 22. Ne4 Rxe4 23. Rxe4 Nf6 24. Ree1 Bxd5 25. Qe3 Qc6 26. f4 Bh1 27. Rd2 Ng4
28. Qe2 Bf3 0-1

[Event "World Rapid Team 2023"]
[Site "Dusseldorf GER"]
[Date "2023.08.26"]
[Round "1.13"]
[Board "4"]
[White "Meins, Gerlef"]
[Black "Njoroge, Martin"]
[Result "1/2-1/2"]
[WhiteTitle "IM"]
[WhiteElo "2412"]
[BlackElo "1870"]
[WhiteTeam "Duesseldorfer Schachklub 1914/25 e.V."]
[BlackTeam "Kenya Commercial Bank Chess Club"]
[WhiteFideId "4620895"]
[BlackFideId "10801952"]
[EventDate "2023.08.26"]

1. d4 d5 2. c4 e6 3. Nf3 c6 4. Nbd2 Nf6 5. Qc2 Nbd7 6. g3 Be7 7. Bg2 O-O 8. O-O
b6 9. e4 dxe4 10. Nxe4 Bb7 11. Rd1 Qc8 12. Bf4 Re8 13. Nd6 Bxd6 14. Bxd6 c5 15.
dxc5 Nxc5 16. b3 Be4 17. Qe2 Qb7 18. Bxc5 bxc5 19. Nh4 Bxg2 20. Nxg2 a5 21. Qe5
Rec8 22. Rab1 h6 23. Nf4 a4 24. bxa4 Qa6 25. Nh5 Nxh5 26. Qxh5 Qxc4 27. Rb7 Rf8
28. Rdd7 e5 29. Qxe5 Rxa4 30. Rb8 Rxb8 31. Qxb8+ Kh7 32. Qb3 Qxb3 33. axb3 Ra1+
34. Kg2 Kg6 35. Rc7 Rb1 36. Rxc5 Rxb3 37. g4 Rb7 38. h4 Kh7 39. Kg3 g6 40. h5
Kg7 41. hxg6 fxg6 42. f4 Rb3+ 43. Kf2 Ra3 44. Re5 Kf6 45. Re3 Ra4 46. Kf3 Rb4
47. Rd3 Ra4 48. Rd6+ Kf7 49. f5 gxf5 50. gxf5 Kg7 51. Rg6+ Kh7 52. Re6 Kg7 53.
Re4 Rxe4 54. Kxe4 Kf6 55. Kf4 h5 56. Ke4 h4 57. Kf4 h3 58. Kg3 h2 59. Kxh2 Kxf5 1/2-1/2

[Event "World Rapid Team 2023"]
[Site "Dusseldorf GER"]
[Date "2023.08.26"]
[Round "1.13"]
[Board "5"]
[White "Oluka Robert Mcligeyo"]
[Black "Zatonskih, Anna"]
[Result "0-1"]
[BlackTitle "IM"]
[WhiteElo "2009"]
[BlackElo "2364"]
[WhiteTeam "Kenya Commercial Bank Chess Club"]
[BlackTeam "Duesseldorfer Schachklub 1914/25 e.V."]
[WhiteFideId "10814647"]
[BlackFideId "14101572"]
[EventDate "2023.08.26"]

1. e4 e6 2. d4 d5 3. Nd2 c5 4. exd5 Qxd5 5. Ngf3 cxd4 6. Bc4 Qd7 7. O-O a6 8.
Nb3 Qc7 9. Qe2 Bd6 10. Nbxd4 Ne7 11. Re1 Nbc6 12. Nxc6 Nxc6 13. c3 Bd7 14. Be3
O-O 15. Rad1 Ne5 16. Nxe5 Bxe5 17. h3 Bf6 18. Bb3 Rfd8 19. Bd4 Bb5 20. Qe3 Bxd4
21. Rxd4 Rxd4 22. Qxd4 Rd8 23. Qe3 Bc4 24. Bxc4 Qxc4 25. b3 Qd5 26. c4 Qd2 27.
Re2 Qxe3 28. fxe3 Kf8 29. Kf2 Rd1 30. Kf3 Ke7 31. e4 e5 32. Ke3 f6 33. Rd2 Ra1
34. Kd3 h5 35. Kc3 Re1 36. Kd3 Kd6 37. b4 Kc6 38. Re2 Rc1 39. Rc2 Rd1+ 40. Rd2
Ra1 41. Kc3 Re1 42. Kd3 a5 43. bxa5 Rb1 44. Kc3 Rc1+ 45. Kd3 h4 46. Rb2 Rd1+ 47.
Ke3 Re1+ 48. Kd3 Rg1 49. Rb6+ Kc7 50. Rb2 Rc1 51. Rc2 Rxc2 52. Kxc2 Kc6 53. Kd3
Kc5 54. a3 g6 55. Kc3 f5 56. Kd3 f4 57. Kc3 Kc6 58. Kd3 Kd6 59. Kc3 Kc5 60. Kd3
g5 61. a4 Kb4 62. a6 bxa6 63. a5 Kxa5 64. Kc3 Kb6 65. Kb4 Kc6 66. Kc3 Kc5 67.
Kd3 0-1

[Event "World Rapid Team 2023"]
[Site "Dusseldorf GER"]
[Date "2023.08.26"]
[Round "1.13"]
[Board "6"]
[White "Rudolph, Eva"]
[Black "Ndirangu, Nyaruai, Joyce"]
[Result "1-0"]
[BlackTitle "WCM"]
[WhiteElo "1793"]
[BlackElo "1719"]
[WhiteTeam "Duesseldorfer Schachklub 1914/25 e.V."]
[BlackTeam "Kenya Commercial Bank Chess Club"]
[WhiteFideId "16200594"]
[BlackFideId "10802886"]
[EventDate "2023.08.26"]

1. e4 c5 2. Nf3 g6 3. d4 cxd4 4. Nxd4 Bg7 5. c4 d6 6. Be2 Nc6 7. Nc2 Nf6 8. Nc3
Bd7 9. O-O Rc8 10. Be3 O-O 11. f3 a6 12. Qd2 Ne5 13. b3 Qa5 14. Rac1 Rfe8 15.
Rfd1 b5 16. b4 Qc7 17. c5 dxc5 18. bxc5 Be6 19. Nd5 Bxd5 20. exd5 Red8 21. d6
exd6 22. cxd6 Qc3 23. Qxc3 Rxc3 24. Bd4 Rxc2 25. Rxc2 Nd5 26. Rc5 Nf4 27. Bxe5
Nxe2+ 28. Kf2 Bxe5 29. Rxe5 Nf4 30. Re7 Kf8 31. Ra7 Ne6 32. Rxa6 Rb8 33. Rc6 b4
34. d7 Ke7 35. Rc8 Rb5 36. d8=Q+ Nxd8 37. Rcxd8 b3 38. axb3 Rxb3 39. R8d7+ Ke8
40. Ra7 Rb2+ 41. Kg3 Rb6 42. Rc1 Kf8 43. Rcc7 Rf6 44. h4 h5 45. Kf2 Rf5 46. Ke3
Kg7 47. Ke4 Kf8 48. Ra8+ Kg7 49. Rcc8 Rb5 50. Rc4 Rf5 51. g4 hxg4 52. fxg4 Rf1
53. g5 Rh1 54. Ke5 Re1+ 55. Kd6 Re6+ 56. Kd5 Re7 57. Rcc8 f5 1-0

[Event "World Rapid Team 2023"]
[Site "Dusseldorf GER"]
[Date "2023.08.26"]
[Round "1.14"]
[Board "1"]
[White "Lubbe, Nikolas"]
[Black "Lux, Hugo de Melo"]
[Result "1-0"]
[WhiteTitle "IM"]
[BlackTitle "FM"]
[WhiteElo "2501"]
[BlackElo "2324"]
[WhiteTeam "Team Chessemy.com"]
[BlackTeam "Ecole Polytechnique Francaise de Lausanne"]
[WhiteFideId "4694031"]
[BlackFideId "2138298"]
[EventDate "2023.08.26"]

1. Nf3 Nf6 2. b3 g6 3. Bb2 Bg7 4. d4 O-O 5. e3 d6 6. c4 Nbd7 7. Nc3 e5 8. Be2
Re8 9. Qc2 e4 10. Nd2 Qe7 11. g4 g5 12. h4 h6 13. O-O-O Nf8 14. hxg5 hxg5 15.
Rdg1 c6 16. Kb1 b5 17. cxb5 cxb5 18. Nxb5 Ba6 19. Qc6 Bxb5 20. Qxb5 d5 21. Rc1
Ne6 22. Nf1 Reb8 23. Qa5 Bf8 24. Ng3 Qb4 25. Qxb4 Bxb4 26. Nf5 Ng7 27. Nh6+ Kf8
28. Rc7 Be7 29. Rhc1 Ne6 30. R7c6 Ke8 31. Nf5 Bd8 32. Ba3 Ng8 33. Nd6+ Kd7 34.
Nxf7 Ne7 35. Ne5+ Ke8 36. Rxe6 1-0

[Event "World Rapid Team 2023"]
[Site "Dusseldorf GER"]
[Date "2023.08.26"]
[Round "1.14"]
[Board "3"]
[White "Souleidis, Georgios"]
[Black "Pheng, Wissam"]
[Result "1/2-1/2"]
[WhiteTitle "IM"]
[WhiteElo "2419"]
[BlackElo "1940"]
[WhiteTeam "Team Chessemy.com"]
[BlackTeam "Ecole Polytechnique Francaise de Lausanne"]
[WhiteFideId "4206827"]
[BlackFideId "26008505"]
[EventDate "2023.08.26"]

1. e4 Nf6 2. Nc3 d5 3. exd5 Nxd5 4. Bc4 Nb6 5. Bb3 Nc6 6. Qf3 e6 7. Nge2 Bc5 8.
O-O O-O 9. d3 Nd7 10. Ne4 Nde5 11. Qg3 Bb6 12. Bg5 f6 13. Be3 Na5 14. Ba4 Bd7
15. Bxd7 Nxd7 16. Nd4 Qe7 17. Qh3 Bxd4 18. Bxd4 c5 19. Bc3 Nc6 20. Rae1 Nd4 21.
Bxd4 cxd4 22. Re2 e5 23. f4 Rac8 24. Rfe1 Nc5 25. fxe5 fxe5 26. Nd2 Qf6 27. Nf3
e4 28. dxe4 d3 29. Rd2 dxc2 30. Rxc2 Nxe4 31. Rxc8 Qb6+ 32. Nd4 Qxd4+ 33. Qe3
Qxe3+ 34. Rxe3 Rxc8 35. Rxe4 Kf7 36. Rb4 b6 37. Kf2 Ke6 38. Kf3 Rc5 39. Re4+ Kf6
40. Rf4+ Ke6 41. Rg4 Kf6 42. Rh4 Kg6 43. Ra4 Rf5+ 44. Ke3 Re5+ 45. Kf2 a5 46.
Rc4 Kf5 47. Rc7 Kf6 48. b3 Re4 49. Kf3 Rb4 50. Rc6+ Kf5 51. g4+ Ke5 52. Rc7 Kf6
53. h4 h6 54. Rc6+ Kf7 55. Rc7+ Kf6 56. Rc6+ Kf7 57. Kg3 Ke7 58. h5 b5 59. Ra6
a4 60. bxa4 Rxa4 61. Rb6 b4 62. Kh4 Kf7 63. Kg3 Ke7 64. Kh4 Kf7 65. Kg3 Ke7 66.
Kh4 1/2-1/2

[Event "World Rapid Team 2023"]
[Site "Dusseldorf GER"]
[Date "2023.08.26"]
[Round "1.14"]
[Board "4"]
[White "Wasserfallen, Benedict"]
[Black "Rafiee, Makan"]
[Result "0-1"]
[BlackTitle "FM"]
[WhiteElo "1853"]
[BlackElo "2279"]
[WhiteTeam "Ecole Polytechnique Francaise de Lausanne"]
[BlackTeam "Team Chessemy.com"]
[WhiteFideId "1344927"]
[BlackFideId "24609340"]
[EventDate "2023.08.26"]

1. e4 e5 2. Nf3 Nc6 3. Nc3 Nf6 4. Bb5 Bd6 5. a3 a6 6. Bc4 Be7 7. h3 O-O 8. d3 d6
9. O-O Be6 10. b4 d5 11. exd5 Nxd5 12. Qe1 Nxc3 13. Bxe6 Nd4 14. Nxd4 exd4 15.
Bb3 Bd6 16. Bb2 Re8 17. Bxc3 Rxe1 18. Bxe1 Qg5 19. Rd1 Qf4 20. g3 Qf3 21. Bd2
Re8 22. Rde1 Re2 23. Bd5 Qh5 24. Rxe2 Qxe2 25. Bc1 c6 26. Bb3 h5 27. h4 g6 28.
Kg2 Kg7 29. Bb2 Be5 30. Kg1 g5 31. f4 gxf4 32. gxf4 Qg4+ 33. Kh1 Qxh4+ 34. Kg2
Qg4+ 35. Kh1 Qh3+ 36. Kg1 Qe3+ 37. Kg2 Bxf4 38. Rf3 Qe2+ 39. Rf2 Qg4+ 40. Kf1
Qd1+ 41. Kg2 Be3 42. Rxf7+ Kg6 43. Rf3 Qe2+ 44. Kg3 h4+ 45. Kg4 Qg2+ 46. Rg3
Qxg3# 0-1

[Event "World Rapid Team 2023"]
[Site "Dusseldorf GER"]
[Date "2023.08.26"]
[Round "1.14"]
[Board "5"]
[White "Lubbe, Melanie"]
[Black "Lux, Serge"]
[Result "1-0"]
[WhiteTitle "WGM"]
[WhiteElo "2256"]
[BlackElo "1688"]
[WhiteTeam "Team Chessemy.com"]
[BlackTeam "Ecole Polytechnique Francaise de Lausanne"]
[WhiteFideId "4690745"]
[BlackFideId "36036099"]
[EventDate "2023.08.26"]

1. e4 g6 2. d4 Bg7 3. Nc3 d6 4. Be3 Nf6 5. f3 O-O 6. Qd2 b6 7. O-O-O c5 8. dxc5
bxc5 9. Bxc5 Qa5 10. Be3 Be6 11. a3 Rc8 12. Nd5 Nxd5 13. exd5 Bf5 14. c4 Qa4 15.
Bd3 Rxc4+ 16. Kb1 Bxd3+ 17. Qxd3 Bxb2 18. Kxb2 Nd7 19. Rc1 Rb8+ 20. Ka2 Rb3 21.
Qxb3 1-0

[Event "World Rapid Team 2023"]
[Site "Dusseldorf GER"]
[Date "2023.08.26"]
[Round "1.14"]
[Board "6"]
[White "Pheng, Sophia"]
[Black "Rennkamp, David"]
[Result "0-1"]
[WhiteElo "1128"]
[BlackElo "1738"]
[WhiteTeam "Ecole Polytechnique Francaise de Lausanne"]
[BlackTeam "Team Chessemy.com"]
[WhiteFideId "26066602"]
[BlackFideId "16249526"]
[EventDate "2023.08.26"]

1. e4 e5 2. Nf3 Nc6 3. Bb5 a6 4. Bxc6 dxc6 5. d4 exd4 6. Qxd4 Be6 7. O-O Qxd4 8.
Nxd4 Rd8 9. Nxe6 fxe6 10. Bf4 Bd6 11. e5 Bc5 12. c3 Ne7 13. Nd2 Ng6 14. Bg5 Rd5
15. Nf3 Nxe5 16. Nxe5 Rxe5 17. Bf4 Re2 18. Rae1 Bxf2+ 19. Rxf2 Rxe1+ 20. Rf1
Rxf1+ 21. Kxf1 O-O 22. g3 e5 23. Kg2 exf4 24. Kh3 f3 0-1

[Event "World Rapid Team 2023"]
[Site "Dusseldorf GER"]
[Date "2023.08.26"]
[Round "1.15"]
[Board "1"]
[White "Helbig, Mark"]
[Black "Zanan, Evgeny"]
[Result "1/2-1/2"]
[WhiteTitle "FM"]
[BlackTitle "GM"]
[WhiteElo "2307"]
[BlackElo "2470"]
[WhiteTeam "Neustadt Weinstrasse"]
[BlackTeam "Rishon LeZion Chess Club"]
[WhiteFideId "4675622"]
[BlackFideId "24101940"]
[EventDate "2023.08.26"]

1. d4 Nf6 2. c4 e6 3. Nf3 d5 4. Bg5 dxc4 5. Qa4+ Nbd7 6. e3 a6 7. Bxc4 Be7 8.
O-O O-O 9. Qc2 h6 10. Bf4 b5 11. Be2 c5 12. a4 b4 13. Rd1 Bb7 14. Nbd2 cxd4 15.
exd4 Rc8 16. Qb3 Nb6 17. a5 Nbd5 18. Be5 Nh5 19. Bf1 Nhf4 20. Nc4 Ng6 21. Bg3
Ndf4 22. Nb6 Rc7 23. Qe3 Bd6 24. Ne5 Nd5 25. Nxd5 Bxd5 26. Nxg6 fxg6 27. Bxa6
Bxg3 28. hxg3 Ra7 29. Bd3 Rxa5 30. Rxa5 Qxa5 31. Bxg6 Qa2 32. Qd2 Qa8 33. f4 b3
34. Kh2 1/2-1/2

[Event "World Rapid Team 2023"]
[Site "Dusseldorf GER"]
[Date "2023.08.26"]
[Round "1.15"]
[Board "2"]
[White "Bronstein, Or"]
[Black "Teuffer, Michael"]
[Result "1-0"]
[WhiteTitle "IM"]
[WhiteElo "2459"]
[BlackElo "2189"]
[WhiteTeam "Rishon LeZion Chess Club"]
[BlackTeam "Neustadt Weinstrasse"]
[WhiteFideId "2815770"]
[BlackFideId "24680427"]
[EventDate "2023.08.26"]

1. d4 e6 2. c4 f5 3. Nf3 Nf6 4. g3 Be7 5. Bg2 O-O 6. O-O d6 7. b3 Ne4 8. Bb2 Bf6
9. Nc3 Nxc3 10. Bxc3 Nc6 11. Rc1 Qe8 12. d5 Bxc3 13. Rxc3 Nd8 14. c5 e5 15. Qc2
Nf7 16. cxd6 cxd6 17. Rc7 Rb8 18. Rc1 Bd7 19. Bh3 g6 20. e4 Nh6 21. Ng5 Rc8 22.
Qd2 Rxc7 23. Rxc7 Ng4 24. Bxg4 fxg4 25. Rxb7 Qc8 26. Rxa7 Rd8 27. Ne6 Bxe6 28.
dxe6 1-0

[Event "World Rapid Team 2023"]
[Site "Dusseldorf GER"]
[Date "2023.08.26"]
[Round "1.15"]
[Board "3"]
[White "Schwarz, Dietmar"]
[Black "Veinberg, Nimrod"]
[Result "0-1"]
[BlackTitle "IM"]
[WhiteElo "1833"]
[BlackElo "2417"]
[WhiteTeam "Neustadt Weinstrasse"]
[BlackTeam "Rishon LeZion Chess Club"]
[WhiteFideId "1271897"]
[BlackFideId "2810280"]
[EventDate "2023.08.26"]

1. e4 e5 2. Nf3 Nc6 3. d4 exd4 4. Nxd4 Nf6 5. Nc3 Bb4 6. Nxc6 bxc6 7. Bd3 d5 8.
exd5 cxd5 9. Bd2 O-O 10. O-O Rb8 11. b3 Bg4 12. Be2 Bf5 13. a3 Bd6 14. Bf3 Be5
15. Rc1 Qd6 16. g3 d4 17. Ne2 Qxa3 18. Bf4 Bxf4 19. Nxf4 Rfd8 20. Nd3 Qd6 21.
Re1 Re8 22. Rxe8+ Rxe8 23. Qd2 h6 24. Re1 Rxe1+ 25. Nxe1 Ne4 26. Bxe4 Bxe4 27.
f3 Bb7 28. c3 dxc3 29. Qxc3 Qd1 30. Kf2 Ba6 31. Qe3 c5 32. Qe8+ Kh7 33. Qe4+ g6
34. Qe3 Bb5 35. h4 h5 36. g4 hxg4 37. fxg4 Qxg4 38. Nf3 Qf5 39. Kg1 Kg8 40. Kf2
Bc6 41. Ke2 Qxf3+ 0-1

[Event "World Rapid Team 2023"]
[Site "Dusseldorf GER"]
[Date "2023.08.26"]
[Round "1.15"]
[Board "4"]
[White "Kaspi, Alexander"]
[Black "Allmacher, Marco"]
[Result "1-0"]
[WhiteTitle "IM"]
[WhiteElo "2405"]
[BlackElo "1524"]
[WhiteTeam "Rishon LeZion Chess Club"]
[BlackTeam "Neustadt Weinstrasse"]
[WhiteFideId "2802910"]
[BlackFideId "16273311"]
[EventDate "2023.08.26"]

1. d4 d5 2. c4 e6 3. Nc3 Nf6 4. cxd5 exd5 5. Bg5 Be7 6. e3 Nbd7 7. Nf3 O-O 8.
Bd3 h6 9. Bh4 c5 10. O-O cxd4 11. Nxd4 Ne5 12. Rc1 a6 13. Bb1 Bg4 14. Qb3 b5 15.
Bxf6 Bxf6 16. Nxd5 Nc4 17. Nxf6+ Qxf6 18. Qd3 g6 19. b3 Na3 20. Rc6 Qg7 21. Rfc1
Nxb1 22. Qxb1 Rfc8 23. Qe4 Rxc6 24. Nxc6 Be6 25. Ne7+ Kh7 26. Qxa8 1-0

[Event "World Rapid Team 2023"]
[Site "Dusseldorf GER"]
[Date "2023.08.26"]
[Round "1.16"]
[Board "1"]
[White "Baklan, Vladimir"]
[Black "Kraus, Sebastian"]
[Result "1-0"]
[WhiteTitle "GM"]
[WhiteElo "2550"]
[BlackElo "1904"]
[WhiteTeam "Ukrainian Amators"]
[BlackTeam "Unischach Bayreuth"]
[WhiteFideId "14102196"]
[BlackFideId "24690260"]
[EventDate "2023.08.26"]

1. e4 e5 2. Nf3 Nc6 3. Bb5 a6 4. Ba4 Nf6 5. Nc3 b5 6. Bb3 Be7 7. a4 b4 8. Nd5
O-O 9. Nxf6+ Bxf6 10. Bd5 Rb8 11. Bxc6 dxc6 12. b3 Re8 13. h3 g6 14. d3 Bg7 15.
Be3 Qd6 16. g4 c5 17. Rg1 c4 18. dxc4 Qc6 19. Nd2 Be6 20. Qe2 f5 21. gxf5 gxf5
22. Bh6 Re7 23. O-O-O Kh8 24. Bxg7+ Rxg7 25. Rxg7 Kxg7 26. exf5 Bf7 27. Qxe5+
Kf8 28. Qh8+ Bg8 29. Rg1 1-0

[Event "World Rapid Team 2023"]
[Site "Dusseldorf GER"]
[Date "2023.08.26"]
[Round "1.16"]
[Board "2"]
[White "Braun, Kristin"]
[Black "Zavgorodniy, Sergiy"]
[Result "0-1"]
[BlackTitle "IM"]
[WhiteElo "1906"]
[BlackElo "2416"]
[WhiteTeam "Unischach Bayreuth"]
[BlackTeam "Ukrainian Amators"]
[WhiteFideId "24656534"]
[BlackFideId "14110148"]
[EventDate "2023.08.26"]

1. e4 e5 2. Nf3 d6 3. Bc4 Be7 4. d3 Nf6 5. c3 c6 6. Bb3 Nbd7 7. Nbd2 O-O 8. Nf1
Nc5 9. Bc2 d5 10. Qe2 dxe4 11. dxe4 a5 12. Ng3 Re8 13. O-O Qc7 14. b4 axb4 15.
cxb4 Ne6 16. a3 Bxb4 17. Bb2 Bd6 18. Nf5 Nf4 19. Qd2 Bxf5 20. exf5 e4 21. Ng5
Be5 22. Bb3 N4d5 23. Rac1 Bxh2+ 24. Kh1 Bf4 25. Qd4 Rad8 26. Rc5 Bxg5 27. Bxd5
Rxd5 28. Rxd5 cxd5 0-1

[Event "World Rapid Team 2023"]
[Site "Dusseldorf GER"]
[Date "2023.08.26"]
[Round "1.16"]
[Board "3"]
[White "Gaponenko, Inna"]
[Black "Strahl, Christian"]
[Result "1/2-1/2"]
[WhiteTitle "IM"]
[WhiteElo "2336"]
[BlackElo "1857"]
[WhiteTeam "Ukrainian Amators"]
[BlackTeam "Unischach Bayreuth"]
[WhiteFideId "14101181"]
[BlackFideId "12955019"]
[EventDate "2023.08.26"]

1. e4 c6 2. d4 d5 3. exd5 cxd5 4. c4 Nf6 5. Nc3 Nc6 6. cxd5 Nxd5 7. Nf3 Bg4 8.
Qb3 Bxf3 9. gxf3 e6 10. Qxb7 Nxd4 11. Bb5+ Nxb5 12. Qc6+ Ke7 13. Qxb5 Qd7 14.
Nxd5+ Qxd5 15. Bg5+ f6 16. Qxd5 exd5 17. Be3 Ke6 18. O-O-O Bb4 19. a3 Ba5 20. b4
Bc7 21. Rhe1 Rhd8 22. Bc5+ Kf5 23. Re7 Bxh2 24. Rxg7 Bf4+ 25. Kc2 a5 26. Rxh7
axb4 27. axb4 Be5 28. Kb3 Kf4 29. Rd3 Ra1 30. Rh4+ Kg5 31. Rg4+ Kf5 32. Bd4 Rb1+
33. Kc2 Rxb4 34. Bxe5 Rxg4 35. fxg4+ Kxe5 36. Rf3 Rc8+ 37. Kd3 Rc4 38. Rf5+ Ke6
39. f3 Ra4 40. Ke3 Rb4 41. Rh5 Ra4 42. Rf5 Rb4 43. Kf2 Rb2+ 44. Ke3 Rb4 45. Kd3
Ra4 46. Rh5 Ra3+ 47. Ke2 Rb3 48. Rf5 Rb4 49. Rh5 Ra4 50. Ke3 Ra3+ 51. Kf4 Ra4+
52. Kg3 Ra3 53. Rf5 Ra1 54. Kf2 Ra2+ 55. Ke3 Ra4 1/2-1/2

[Event "World Rapid Team 2023"]
[Site "Dusseldorf GER"]
[Date "2023.08.26"]
[Round "1.16"]
[Board "4"]
[White "Glock, Benjamin"]
[Black "Grineva, Marianna"]
[Result "0-1"]
[BlackTitle "WFM"]
[WhiteElo "1782"]
[BlackElo "2033"]
[WhiteTeam "Unischach Bayreuth"]
[BlackTeam "Ukrainian Amators"]
[WhiteFideId "12942103"]
[BlackFideId "14102013"]
[EventDate "2023.08.26"]

1. d4 Nf6 2. Bg5 Ne4 3. Bf4 d5 4. e3 g6 5. Bd3 Nf6 6. Nf3 Bg7 7. O-O O-O 8. Nbd2
Bg4 9. h3 Bxf3 10. Qxf3 Nbd7 11. Rad1 c5 12. c3 Qb6 13. Rb1 Rfe8 14. b4 cxd4 15.
cxd4 e5 16. dxe5 Nxe5 17. Bxe5 Rxe5 18. Rfc1 Rae8 19. Qd1 R5e7 20. Nf3 Ne4 21.
Bxe4 dxe4 22. Nd4 Rd8 23. Rc4 Red7 24. Qc2 Bxd4 25. exd4 Rxd4 26. Rc8 Rxc8 27.
Qxc8+ Kg7 28. Qc3 Qf6 29. Qe3 a6 30. g3 Rc4 31. Kg2 Qe5 32. Qb6 Qd5 33. Qe3 b5
34. Rb2 Rd4 35. Kh2 Rd3 36. Qe2 h5 37. h4 Rd1 38. Qe3 Qc4 39. Re2 Qxb4 40. a3
Qb1 41. Qc3+ Kh7 0-1

[Event "World Rapid Team 2023"]
[Site "Dusseldorf GER"]
[Date "2023.08.26"]
[Round "1.16"]
[Board "5"]
[White "Schnellbacher, Jan Eric"]
[Black "Holoubek, Jonas"]
[Result "1/2-1/2"]
[WhiteElo "1980"]
[BlackElo "1570"]
[WhiteTeam "Ukrainian Amators"]
[BlackTeam "Unischach Bayreuth"]
[WhiteFideId "16234022"]
[BlackFideId "16283260"]
[EventDate "2023.08.26"]

1. e4 d5 2. exd5 Nf6 3. Bb5+ Bd7 4. Be2 c6 5. dxc6 Nxc6 6. Nf3 g6 7. O-O Bg7 8.
Nc3 O-O 9. d3 Rc8 10. Bg5 Qb6 11. Qd2 Nd4 12. Nxd4 Qxd4 13. Bf3 Bc6 14. Bxc6
Rxc6 15. Qe3 Qb4 16. Rab1 a6 17. Bxf6 exf6 18. Nd5 Qa4 19. Ne7+ Kh8 20. Nxc6
Qxc6 21. c3 Re8 22. Qd2 Re5 23. f4 Ra5 24. a3 Bh6 25. Rbe1 Kg7 26. g3 Qc5+ 27.
Qe3 Qh5 28. Qf3 Qc5+ 29. Kg2 g5 30. fxg5 Qxg5 31. Re7 Rb5 32. b4 Qd2+ 33. Rf2
Qxc3 34. Qg4+ Kf8 35. Rfe2 Qc6+ 36. Kh3 Rg5 37. Re8+ Kg7 38. Qc8 Rh5+ 39. Kg4
Rg5+ 40. Kh3 Rh5+ 41. Kg4 Rg5+ 1/2-1/2